000 01142nam a22002657a 4500
005 20080702120012.0
008 080702t xxu||||| |||| 00| f hin d
010 _aHIN-83720
020 _c250.00
_a8171452280
035 _aHN-56066
037 _bDBAD / PUB
040 _aDPL
_bHN
082 _a
100 _aचतुर्भुज
245 _aतथागतः
_cचतुर्भुज
246 _aTathagat
_bby Chaturbhuj
260 _aदिल्ली
_bसन्मार्ग प्रकाशन
_c2005
270 _a16, यू.बी., बैग्लों रोड, जवाहर नगर
_bदिल्ली
_e110007
300 _a248पृ
_c22सेमी(सजिल्द)
500 _aऐतिहासिक उपन्यास
650 _aहिन्दी उपन्यास
650 _aHindi Novels
942 _cHN
_2ddc
_h
_mचतुर्भु
999 _c14182
_d14182